Indian Railway code for the Traffic Department (commercial) (Record no. 480412)

000 -LEADER
fixed length control field 00378cam a22001097a 4500
008 - FIXED-LENGTH DATA ELEMENTS--GENERAL INFORMATION
fixed length control field 180718b-- xxu||||| |||| 00| 0 eng d
082 ## - DEWEY DECIMAL CLASSIFICATION NUMBER
Classification number W100x54 In2C/T
245 ## - TITLE STATEMENT
Title Indian Railway code for the Traffic Department (commercial)
Statement of responsibility, etc. by Ministry of Railways, India
260 ## - PUBLICATION, DISTRIBUTION, ETC.
Place of publication, distribution, etc. New Delhi
Name of publisher, distributor, etc. Manager of Publications
Date of publication, distribution, etc. --
500 ## - GENERAL NOTE
General note Library has 1958
700 ## - ADDED ENTRY--PERSONAL NAME
Personal name India. Ministry of Railways
Holdings
Withdrawn status Lost status Damaged status Not for loan Permanent Location Current Location Date acquired Full call number Barcode Date last seen Price effective from Koha item type
        Indian Institute of Public Administration Indian Institute of Public Administration 2018-08-04 W100x54 In2C/T G1303 2018-08-04 2018-08-04 G

Powered by Koha